Blurryface - Twenty One Pilots - Statistiques

Statistiques générales
  • Ce quiz a été pris 99 fois
  • Le résultat moyen est 10 sur 14
Statistiques - réponses
Hint Réponse % Correct
2 Stressed Out
100%
3 Ride
99%
1 Heavydirtysoul
78%
14 Goner
75%
7 The Judge
74%
8 Doubt
72%
10 We Don't Believe What's on TV
71%
11 Message Man
68%
4 Fairly Local
66%
9 Polarize
66%
6 Lane Boy
63%
5 Tear In My Heart
63%
12 Hometown
58%
13 Not Today
45%
Aucun quiz correspondant
Distribution des résultats
% des personnes avec chaque résultat
Percentile par nombre de réponses
Votre historique - résultats
Vous n’avez pas pris ce quiz